000 00270nam a22001097a 4500
008 170112b xxu||||| |||| 00| 0 eng d
020 _a0471046922
041 _aeng
080 _a618.2
245 _aNURSING IMPLICATIONS OF LABORATORY TESTS
_cBRAMBILLA, M
942 _2udc
_cBK
999 _c2806
_d2806